00314nam a2200121Ia 4500008004100000041000800041082001200049100002000061245004500081260003000126300001900156999001700175241015s9999 xx 000 0 und d aeng a650 MOR aScarlett Morgan aMathematical Finance: Theories And Tools bWillford PressaUSAc2023 a237;. P. 28 cm c41605d41605